La crisis de la Justicia Civil Italiana

Detalles Bibliográficos
Autor principal: Ciommo, Tiziana di
Formato: eBook
Lenguaje:español
Publicado: Barcelona : J.M. Bosch Editor, 2013
Materias:
Acceso en línea:http://www.vlex.es/source/11238

MARC

LEADER 00000nam a22000007a 4500
005 20130610172040.0
007 cr|||| ||||
008 130610e2013 sp |||||s|||| 00||0 spa d
020 |a 978-84-940933-6-4 
035 |a 11238 
040 |a vLex 
090 |c 4296  |d 4296 
100 1 0 |a Ciommo, Tiziana di 
245 1 3 |a La crisis de la Justicia Civil Italiana  |c / Tiziana di Ciommo   |h [Recurso electrn̤ico]  
256 |a Servicio en ln̕ea 
260 |a Barcelona :  |b J.M. Bosch Editor,  |c 2013 
300 |a 1 Recurso electrn̤ico 
506 |d vLex Global  |d vLex Global (Academic Edition, excluding Law Schools)  |d vLex Global (U.S. Academic Edition, Law Schools)  |d vLex Global (U.S. Academic Edition, excluding Law Schools)  |d vLex Global (Academic Edition, Law Schools) 
650 4 |a Derecho procesal  |z Italia 
650 4 |a Derecho civil  |z Italia 
740 |a vLex Libros (Servicio en ln̕ea) 
856 |a Acceso restringido  |u http://www.vlex.es/source/11238 
942 |c BOOK 
999 0 |a Civil law